Mujeres jefas de familia
En este documento se presenta el tema de las mujeres encargadas de la familia por medio de la reproducción de recortes de periódicos de distintos países, principalmente latinoamericanos, con lo cual se da una visión de la manera en que ese problema es considerado. Los recortes se refieren a temas co...
Αποθηκεύτηκε σε:
| Συγγραφή απο Οργανισμό/Αρχή: | |
|---|---|
| Μορφή: | Κείμενο |
| Έκδοση: |
Santiago:
El Instituto
|
| Θέματα: | |
| Ετικέτες: |
Προσθήκη ετικέτας
Δεν υπάρχουν, Καταχωρήστε ετικέτα πρώτοι!
|
MARC
| LEADER | 00000 a a2200000 04500 | ||
|---|---|---|---|
| 001 | 13877 | ||
| 003 | |||
| 040 | |a CRAI/IIS |c CRAI/IIS | ||
| 090 | |a 025000 | ||
| 110 | |a Instituto Latinoamericano de Estudios Transnacionales | ||
| 245 | |a Mujeres jefas de familia | ||
| 260 | |a Santiago: |b El Instituto | ||
| 300 | |a 40 p.; especial-mujer | ||
| 520 | |a En este documento se presenta el tema de las mujeres encargadas de la familia por medio de la reproducción de recortes de periódicos de distintos países, principalmente latinoamericanos, con lo cual se da una visión de la manera en que ese problema es considerado. Los recortes se refieren a temas como: los efectos del abandono del padre, los problemas de las madres solteras y de sus hijos, las ventajas y desventajas del divorcio y todo lo relativo al mantenimiento de la familia por parte de la mujer. MA/mb | ||
| 650 | |a MUJERES | ||
| 650 | |a TRABAJADORAS | ||
| 650 | |a CARGA DE FAMILIA | ||
| 650 | |a MEDIO FAMILIAR | ||
| 650 | |a DERECHOS DE LA MUJER | ||
| 999 | |c 1191 |d 1191 | ||
